Normal view
MARC view
Entry Personal Name
001 - CONTROL NUMBER
- control field: 49849
003 - CONTROL NUMBER IDENTIFIER
- control field: dpl
005 - DATE AND TIME OF LATEST TRANSACTION
- control field: 20120702165549.0
008 - FIXED-LENGTH DATA ELEMENTS
- fixed length control field: 120702|||a|||||| | ||| d
040 ## - CATALOGING SOURCE
- Original cataloging agency: dpl
- Transcribing agency: dpl
100 ## - HEADING--PERSONAL NAME
- Personal name: शरण, जगदीश
670 ## - SOURCE DATA FOUND
- Source citation: Work cat.: (dpl): शरण, जगदीश, उपकार यू.जी.सी.नेट/जे.आर.एफ./सेट;हिन्दी/
670 ## - SOURCE DATA FOUND
- Source citation: Work cat.: (dpl): शरण, जगदीश, उपकार यू.जी.सी.नेट/जे.आर.एफ./सेट;हिन्दी/
